| 000 | 01550cam a2200361 a 4500 | ||
|---|---|---|---|
| 001 | 15243857 | ||
| 005 | 20080818085153.0 | ||
| 008 | 080402s2008 gaua bf 001 0 eng | ||
| 010 | _a2008014969 | ||
| 020 | _a0881735817 (Fairmont Press : alk. paper) | ||
| 020 | _a9780881735819 (Fairmont Press : alk. paper) | ||
| 020 | _a0881735825 (electronic) | ||
| 020 | _a9780881735826 (electronic) | ||
| 020 | _a1420087681 (Taylor & Francis Ltd. : alk. paper) | ||
| 020 | _a9781420087680 (Taylor & Francis Ltd. : alk. paper) | ||
| 035 | _a(OCoLC)ocn220100963 | ||
| 035 | _a(OCoLC)220100963 | ||
| 040 |
_aDLC _cDLC _dBTCTA _dBAKER _dWE2 _dYDXCP _dC#P _dBWX _dDLC |
||
| 050 | 0 | 0 |
_aTJ163.235 _b.T48 2008 |
| 082 | 0 | 0 |
_a621.042 _222 _bTHU |
| 100 | 1 |
_aThumann, Albert. _95912 |
|
| 245 | 1 | 0 |
_aHandbook of Energy Engineering / _cAlbert Thumann, D. Paul Mehta. |
| 250 | _a6th ed. | ||
| 260 |
_aLilburn, GA : _bFairmont Press ; _aBoca Raton, FL : _bCRC Press, _cc2008. |
||
| 300 |
_avii, 460 p. : _bill. ; _c24 cm. |
||
| 504 | _aIncludes bibliographical references (p. 457-458) and index. | ||
| 650 | 0 |
_aPower resources _vHandbooks, manuals, etc. _95913 |
|
| 650 | 0 |
_aPower (Mechanics) _vHandbooks, manuals, etc. _95914 |
|
| 700 | 1 |
_aMehta, D. Paul, _d1940- _95915 |
|
| 942 |
_2ddc _cREFERENCE |
||
| 999 |
_c11769 _d11769 |
||